POCKET ATLAS OF ENDODONTICS (Record no. 3592)

MARC details
000 -LEADER
fixed length control field 00373nam a2200145Ia 4500
008 - FIXED-LENGTH DATA ELEMENTS--GENERAL INFORMATION
fixed length control field 150201s2006 xx 000 0 und d
082 ## - DEWEY DECIMAL CLASSIFICATION NUMBER
Classification number 617.632
Item number A2006B
100 ## - MAIN ENTRY--PERSONAL NAME
Personal name BEER
245 ## - TITLE STATEMENT
Title POCKET ATLAS OF ENDODONTICS
250 ## - EDITION STATEMENT
Edition statement 1ST
260 ## - PUBLICATION, DISTRIBUTION, ETC. (IMPRINT)
Name of publisher, distributor, etc. THIENE PUBLICATION
Place of publication, distribution, etc. NEW YORK
Date of publication, distribution, etc. 2006
300 ## - PHYSICAL DESCRIPTION
Extent 1-230
650 ## - SUBJECT ADDED ENTRY--TOPICAL TERM
Topical term or geographic name as entry element CONSERVATIVE DENTISTRY & ENDODONTICS
942 ## - ADDED ENTRY ELEMENTS (KOHA)
Source of classification or shelving scheme Dewey Decimal Classification
Koha item type Books
Holdings
Withdrawn status Lost status Source of classification or shelving scheme Damaged status Not for loan Home library Current library Date acquired Source of acquisition Cost, normal purchase price Serial Enumeration / chronology SGTU Bill Number Total Checkouts Full call number Barcode Date last seen Bill Date Koha item type
    Dewey Decimal Classification     SGT Dental Library SGT Dental Library 19/02/2007 U.B.S.DELHI 795.00 1 SGTU 1144   617.632 A2006B FD4188 09/02/2015 16/08/2012 Books
    Dewey Decimal Classification     SGT Dental Library SGT Dental Library 19/02/2007 U.B.S.DELHI 795.00 1 SGTU 1144   617.632 A2006B FD4189 09/02/2015 16/08/2012 Books